चंपारन आंदोलन 1917 (Record no. 301278)

MARC details
000 -LEADER
fixed length control field 00883nam a2200229Ia 4500
003 - CONTROL NUMBER IDENTIFIER
control field OSt
005 - DATE AND TIME OF LATEST TRANSACTION
control field 20250908162244.0
008 - FIXED-LENGTH DATA ELEMENTS--GENERAL INFORMATION
fixed length control field 220922b |||||||| |||| 00| 0 hin d
020 ## - INTERNATIONAL STANDARD BOOK NUMBER
International Standard Book Number 9789389982718 (hbk)
037 ## - SOURCE OF ACQUISITION
Terms of availability TB
040 ## - CATALOGING SOURCE
Original cataloging agency ARTS
Transcribing agency ARTS
Language of cataloging hin
041 ## - LANGUAGE CODE
Source of code hin
Language code of text/sound track or separate title hin
084 ## - COLON CLASSIFICATION NUMBER
Classification number V2y7M69 152R0
Assigning agency AL
100 ## - MAIN ENTRY--PERSONAL NAME
Personal name पार्थेश्वर, आशुतोष, संपा.
9 (RLIN) 160954
245 #0 - TITLE STATEMENT
Title चंपारन आंदोलन 1917
246 ## - VARYING FORM OF TITLE
Title proper/short title Chanpāran āandolan 1917
260 ## - PUBLICATION, DISTRIBUTION, ETC.
Place of publication, distribution, etc. दिल्ली
Name of publisher, distributor, etc. प्रभात प्रकाशन
Date of publication, distribution, etc. 2020
300 ## - PHYSICAL DESCRIPTION
Extent 296पृ.
Dimensions cm.
650 ## - SUBJECT ADDED ENTRY--TOPICAL TERM
Topical term or geographic name entry element भारत-इतिहास
9 (RLIN) 156353
942 ## - ADDED ENTRY ELEMENTS (KOHA)
Classification part V2y7M69 152R0
Koha item type Textbook
Source of classification or shelving scheme Colon Classification (CC)
Suppress in OPAC No
Holdings
Withdrawn status Lost status Source of classification or shelving scheme Damaged status Not for loan Home library Current library Date acquired Source of acquisition Cost, normal purchase price Total Checkouts Full call number Barcode Date last seen Cost, replacement price Price effective from Koha item type
    Colon Classification (CC)     Arts Library Arts Library 2022-09-23 G-942/21-22, 28/12/2021, hinohar Publisher & Distributors 600.00   V27M69 152R0 AL1648715 2022-09-23 600.00 2022-09-23 Textual
Copyright @ Delhi University Library System